000 01025nam a2200277 4500
003 OSt
005 20260601171001.0
008 260421b\\\\\\\\enka||||\||||\00|\0\eng\d
040 _aICI
_bspa
_cICI
050 _aNK 1443
_bB75.2010
100 1 _aDesign Museum
_931442
245 0 _aBrit Insurance :
_bdesigns of the year /
_c[curator Alex Newson].
246 1 _aBrit Insurance
_bdesigns of the year 2010.
264 _bDesign Museum,
_c2010
_aLondon :
300 _a116 páginas
_bilustraciones (algunas a color) ;
_c17 cm.
336 _atexto
_2rdacontent
337 _asin medio
_2rdamedia
338 _avolumen
_2rdacarrier
650 0 _aDesign
_xAwards
_zGreat Britain.
_931443
650 4 _aDiseño
_xPremios
_zGran Bretaña
_931444
650 0 _aIndustrial design
_xAwards
_zGreat Britain.
_931445
650 4 _aDiseño industrial
_xPremios
_zGran Bretaña
_931446
700 1 _aNewson, Alex
_ecurador
_931447
710 2 _aDesign Museum (London, Inglaterra)
_eautor de contenido textual suplementario
_931448
942 _2lcc
_cB
999 _c20077
_d20077